Managers pocket book (Record no. 88145)

MARC details
000 -LEADER
fixed length control field 00535nam a2200205Ia 4500
008 - FIXED-LENGTH DATA ELEMENTS--GENERAL INFORMATION
fixed length control field 230125s9999 xx 000 0 und d
020 ## - INTERNATIONAL STANDARD BOOK NUMBER
International Standard Book Number 81-7314-028-6
041 ## - LANGUAGE CODE
Language code of text/sound track or separate title eng
082 ## - DEWEY DECIMAL CLASSIFICATION NUMBER
Classification number 658.314
Item number TOW
100 ## - MAIN ENTRY--PERSONAL NAME
Personal name Townsend J
245 ## - TITLE STATEMENT
Title Managers pocket book
260 ## - PUBLICATION, DISTRIBUTION, ETC. (IMPRINT)
Date of publication, distribution, etc. 1997
Name of publisher, distributor, etc. Research press
Place of publication, distribution, etc. Madras
300 ## - PHYSICAL DESCRIPTION
Extent 110p
440 ## - SERIES STATEMENT/ADDED ENTRY--TITLE
Title Pocketbook
500 ## - GENERAL NOTE
Keywords executive management
500 ## - GENERAL NOTE
Keywords Executive management;Series Book;Pocket Book Series Book
650 ## - SUBJECT ADDED ENTRY--TOPICAL TERM
Topical term or geographic name as entry element Management
700 ## - ADDED ENTRY--PERSONAL NAME
Personal name Townsend J
Holdings
Withdrawn status Lost status Damaged status Not for loan Home library Current library Date acquired Vendor Cost, normal purchase price Total Checkouts Full call number Barcode Date last seen Cost, replacement price Bill Date Koha item type Original Barcode
        Smt. Hiraben Nanavati Institute of Management & Research for Women Smt. Hiraben Nanavati Institute of Management & Research for Women 12/12/1997 Popular Book House 40.00   658.314 TOW B00772 HIMR-BK-772 25/01/2023 40.00 12/12/1997 Books B00772